Farthest Apart Neighbours Quiz Stats

 Plays Quiz Updated Mar 7, 2012

Also try: Howdy, Neighbor!
Challenge
Share
Tweet
Embed
Score 0/19 Timer 09:00
2 Plays Today
Distance (km) Countries % Correct
5791Beijing, China and Moscow, Russia
94.7%
3031Mexico City, Mexico and Washington, USA
86.4%
4635Ulaanbaatar, Mongolia and Moscow, Russia
71.8%
3780Beijing, China and New Delhi, India
68.2%
6414Pyongyang, North Korea and Moscow, Russia
59.6%
3167Brasília, Brazil and Lima, Peru
43.8%
3663Brasília, Brazil and Bogotá, Colombia
42.2%
3153Beijing, China and Kathmandu, Nepal
40.4%
8725 *Paris, France and Brasília, Brazil
39.3%
3593Brasília, Brazil and Caracas, Venezuela
39.2%
Distance (km) Countries % Correct
3884Beijing, China and Islamabad, Pakistan
37.3%
3651Beijing, China and Astana, Kazakhstan
36.4%
4174Beijing, China and Kabul, Afghanistan
33.2%
7188 *Paris, France and Paramaribo, Suriname
32.9%
3465Beijing, China and Bishkek, Kyrgyzstan
30.1%
4054Beijing, China and Dushanbe, Tajikistan
29.8%
2957Beijing, China and Naypyidaw, Myanmar
28.9%
4459Jakarta, Indonesia and Port Moresby, Papua New Guinea
21.6%
2899Bamako, Mali and Algiers, Algeria
13%

You're not logged in!

Compare scores with friends on all Sporcle quizzes.
Join for Free
OR
Log In

You Might Also Like...

Show Comments

Extras

Top Quizzes Today


Score Distribution

Your Account Isn't Verified!

In order to create a playlist on Sporcle, you need to verify the email address you used during registration. Go to your Sporcle Settings to finish the process.

Report this User

Report this user for behavior that violates our Community Guidelines.

Details: